| 000 | 01958 a2200241 4500 | ||
|---|---|---|---|
| 001 | 16001 | ||
| 005 | 20260407155452.0 | ||
| 008 | 260407a1993 arg spa d | ||
| 003 | AR-UNSa-BCEJYS | ||
| 040 |
_aAR-UNSa-BCEJYS _bspa _cAR-UNSa-BCEJYS |
||
| 080 |
_a519.2 _xProbabilidades y estadística matemática |
||
| 245 | 1 | 0 | _aEstadística aplicada a la administración y a la economía |
| 020 | _a968-422-787-6 | ||
| 250 | _a2a. ed. | ||
| 264 | 1 |
_aMéxico : _bMcGraw-Hill _c1993 |
|
| 300 |
_a520 p. _c23 cm. |
||
| 505 | _a1. Análisis de datos de negocios - 2. Presentaciones estadísticas - 3. Descripción de datos de negocios: medidas de posición - 4. Descripción de datos de negocios: medidas de variabilidad - 5. Probabilidad - 6. Distribuciones de probabilidad para variables aleatorias discretas: binomial, hipergeométrica y poisson - 7. Distribuciones de probabilidad para variables aleatorias continuas: normal y exponencial - 8. Distribuciones de muestreo e intervalos de confianza para la medida - 9. Otros intervalos de confianza - 10. Pruebas de hipótesis sobre la medida de una población - 11. Otras pruebas de hipótesis - 12. La prueba de Ji-cuadrada - 13. Análisis de varianza - 14. Análisis de regresión y correlación lineal - 15. Regresión y correlación múltiple - 16. Análisis de series de tiempo y pronósticos de negocios - 17. Números índices para economía y negocios - 18. Análisis Bayesiano de decisión: tablas de pagos y arboles de decisión - 19. Análisis Bayesiano de decisión: el uso de información muestral - 20. Análisis Bayesiano de decisión: aplicación de la distribución normal - 21. Pruebas estadísticas no paramétricas | ||
| 942 | _cBK | ||
| 590 | _aniveau_biblio:m niveau_hierar:0 | ||
| 100 | 1 | _aDíaz Mata, Alfredo | |
| 700 | 1 | _aKazmier, Leonard J. | |
| 856 | 4 | 1 |
_uhttps://t0.gstatic.com/images?q=tbn:ANd9GcRb4GbEg1n-QTtbHe3tKW-S4iJc8Y1yVjkQqXhhFKzS3cWrr4W2 _yImagen de portada _qimage/jpeg |
| 999 |
_c673 _d673 |
||